Random Objects by Picture #15 - Statistics

General Stats
  • This quiz has been taken 5 times
  • The average score is 6 of 18
Answer Stats
Picture Answer % Correct
Lion
100%
Lioness
80%
Bot
40%
Cougar
40%
Geo
40%
Milli
40%
Team Umizoomi
40%
Wario
40%
Crocodile
20%
Gecko
20%
Giant Crocodile
20%
Liger
20%
Mule
20%
Puma
20%
Saltwater Crocodile
20%
Toxic Gecko
20%
Utensils
20%
X-Ray Fish
20%
No matching quizzes found
Score Distribution
Percent of People with Each Score
Percentile by Number Answered
Your Score History
You have not taken this quiz